Ընտիրը : (Record no. 132321)
[ view plain ]
| 000 -LEADER | |
|---|---|
| fixed length control field | 00967nam a2200217 u 4500 |
| 001 - CONTROL NUMBER | |
| control field | 000347131 |
| 003 - CONTROL NUMBER IDENTIFIER | |
| control field | AM-YeHGA |
| 005 - DATE AND TIME OF LATEST TRANSACTION | |
| control field | 20250618072155.0 |
| 008 - FIXED-LENGTH DATA ELEMENTS--GENERAL INFORMATION | |
| fixed length control field | 040628s1976 ai r 000 0 arm d |
| 040 ## - CATALOGING SOURCE | |
| Original cataloging agency | AM-YeHGA |
| 041 0# - LANGUAGE CODE | |
| Language code of text/sound track or separate title | arm |
| 090 ## - LOCALLY ASSIGNED LC-TYPE CALL NUMBER (OCLC); LOCAL CALL NUMBER (RLIN) | |
| -- | 133687 |
| 100 1# - MAIN ENTRY--PERSONAL NAME | |
| Personal name | Հովհաննիսյան, Հովհաննես Մկրտչի, |
| Dates associated with a name | 1864-1929 |
| 9 (RLIN) | 3945 |
| 245 10 - TITLE STATEMENT | |
| Title | Ընտիրը : |
| Remainder of title | [Բանաստեղծություններ] / |
| Statement of responsibility, etc. | Հովհ. Հովհաննիսյան; Հատընտրեց և խմբ.՝ Հովհ. Շիրազը; Վերջաբ.՝ Ավ. Իսահակյան. |
| 260 ## - PUBLICATION, DISTRIBUTION, ETC. | |
| Place of publication, distribution, etc. | Երևան : |
| Name of publisher, distributor, etc. | Հայաստան, |
| Date of publication, distribution, etc. | 1976. |
| 300 ## - PHYSICAL DESCRIPTION | |
| Extent | 64 էջ : |
| Other physical details | 1 թ. դիմանկ. ; |
| Dimensions | 13 սմ. |
| 650 14 - SUBJECT ADDED ENTRY--TOPICAL TERM | |
| Topical term or geographic name entry element | Հայ գրականություն |
| General subdivision | Պոեզիա |
| 700 1# - ADDED ENTRY--PERSONAL NAME | |
| Personal name | Շիրազ, Հովհաննես Թադևոսի, |
| Dates associated with a name | 1914-1984 |
| Relator term | հատընտր. |
| Relationship | com |
| Relator term | խմբ. |
| Relationship | edt |
| 9 (RLIN) | 99 |
| 700 1# - ADDED ENTRY--PERSONAL NAME | |
| Personal name | Իսահակյան, Ավետիք Սահակի, |
| Dates associated with a name | 1875-1957 |
| Relator term | վերջաբ. |
| Relationship | aft |
| 9 (RLIN) | 963 |
| 942 ## - ADDED ENTRY ELEMENTS (KOHA) | |
| Source of classification or shelving scheme | Universal Decimal Classification |
| Koha item type | Գրքեր / Books |
| Withdrawn status | Lost status | Damaged status | Not for loan | Collection | Home library | Current library | Date acquired | Total checkouts | Full call number | Barcode | Date last seen | Cost, replacement price | Price effective from | Koha item type | Public note | Source of classification or shelving scheme |
|---|---|---|---|---|---|---|---|---|---|---|---|---|---|---|---|---|
| General | Fundamental Scientific Library | Fundamental Scientific Library | 22/12/2016 | AI/14325 | FL0053926 | 22/12/2016 | 8.00 | 22/12/2016 | Գրքեր / Books | 30 Days Loan | ||||||
| General | Fundamental Scientific Library | Fundamental Scientific Library | 20/01/2020 | AI/21476 | FL0613679 | 20/01/2020 | 20/01/2020 | Գրքեր / Books | 30 Days Loan | Universal Decimal Classification |
ՀՀ Գիտությունների ազգային ակադեմիայի հիմնարար գիտական գրադարան = Fundamental Scientific Library of NAS RA
All site content, except where otherwise noted, is licensed under a